| 000 | 01416nam a2200337 i 4500 | ||
|---|---|---|---|
| 001 | 000027428 | ||
| 003 | DO-SdBNP | ||
| 005 | 20250606134826.0 | ||
| 007 | ta | ||
| 008 | 110331s1958 dr r 000 0 spa d | ||
| 040 |
_aDO-SdBNP _bspa _cBNPHU _erda |
||
| 041 | _aspa | ||
| 082 | 4 |
_a327.729307294 _bS211c _222 |
|
| 100 | 1 |
_aSánchez i Sánchez, Carlos Augusto, _eautor _4aut. _954496 |
|
| 245 | 1 | 3 |
_aEl caso dominico-haitiano : _bseparata / _cCarlos Augusto Sánchez i Sánchez. |
| 264 | 1 |
_aCiudad Trujillo, República Dominicana : _bEditora Montalvo, _c1958. |
|
| 300 |
_a78 páginas ; _c23 cm. |
||
| 336 |
_atexto _btxt _2rdacontent |
||
| 337 |
_asin mediación _bn _2rdamedia |
||
| 338 |
_avolumen _bnc _2rdacarrier |
||
| 500 | _aSepara de la 2ª edición del curso de derecho internacional público americano | ||
| 500 | _aIncluye referencias bibliográficas y notas al pie de las páginas. | ||
| 590 | _aInventariado, 2018/LP | ||
| 650 | 4 |
_aRepública dominicana _xIncidentes fronterizos _xHistoria _954497 |
|
| 651 | 4 |
_aRepública Dominicana _xRelaciones exteriores _zHaití _92233 |
|
| 651 | 4 |
_aHaití _xRelaciones exteriores _zRepública Dominicana _92234 |
|
| 651 | 4 |
_aRepública Dominicana _xEmigración e iInmigración _xAspectos económicos _99359 |
|
| 651 | 4 |
_aRepública Dominicana _xEmigración e inmigración _xAspectos sociales _99361 |
|
| 910 | _aValidado. Control de calidad MFF | ||
| 942 |
_2ddc _cLBS1 |
||
| 999 |
_c26920 _d26920 |
||